An analysis of the impact on the natural heritage of the decline in hill farming in Scotland (Record no. 112437)

MARC details
000 -LEADER
fixed length control field 01173cad a22002775a 4500
001 - CONTROL NUMBER
control field E153258
008 - FIXED-LENGTH DATA ELEMENTS--GENERAL INFORMATION
fixed length control field 110329s2011 xxk f 000 0 eng d
035 ## - SYSTEM CONTROL NUMBER
System control number (Sirsi) u153258
041 0# - LANGUAGE CODE
Language code of text/sound track or separate title eng
100 2# - MAIN ENTRY--PERSONAL NAME
Personal name Holland, J. P.
245 03 - TITLE STATEMENT
Title An analysis of the impact on the natural heritage of the decline in hill farming in Scotland
Medium [electronic resource]
260 ## - PUBLICATION, DISTRIBUTION, ETC.
Place of publication, distribution, etc. Inverness
Name of publisher, distributor, etc. Scottish Natural Heritage
Date of publication, distribution, etc. 2011
490 #0 - SERIES STATEMENT
Series statement Scottish Natural Heritage Commissioned Report
Volume/sequential designation (454)
520 ## - SUMMARY, ETC.
Summary, etc. Looks at the falling numbers of livestock on the hills and uplands of the north and west of Scotland, and examines the implications of this for land management, as well as impacts on the natural heritage and rural communities.
521 ## - TARGET AUDIENCE NOTE
Target audience note Advanced
590 ## - LOCAL NOTE (RLIN)
Local note KA
651 #4 - SUBJECT ADDED ENTRY--GEOGRAPHIC NAME
Geographic name Scotland
Chronological subdivision 1999-
690 ## - LOCAL SUBJECT ADDED ENTRY--TOPICAL TERM (OCLC, RLIN)
Topical term or geographic name as entry element ENVIRONMENTAL AND LAND CONSULTANCY-AGRIBUSINESS-AGRICULTURE
700 1# - ADDED ENTRY--PERSONAL NAME
Personal name Morgan-Davies, C.
700 1# - ADDED ENTRY--PERSONAL NAME
Personal name Waterhouse, T.
700 1# - ADDED ENTRY--PERSONAL NAME
Personal name Thomson, S.
700 1# - ADDED ENTRY--PERSONAL NAME
Personal name Midgley, A.
700 1# - ADDED ENTRY--PERSONAL NAME
Personal name Barnes, A.
856 40 - ELECTRONIC LOCATION AND ACCESS
Uniform Resource Identifier <a href="https://www.snh.org.uk/pdfs/publications/commissioned_reports/454.pdf">https://www.snh.org.uk/pdfs/publications/commissioned_reports/454.pdf</a>
Public note View the report free of charge at www.snh.org.uk...
942 ## - ADDED ENTRY ELEMENTS (KOHA)
Suppress in OPAC 0
Holdings
Withdrawn status Lost status Source of classification or shelving scheme Damaged status Not for loan Home library Current library Shelving location Date acquired Total Checkouts Full call number Barcode Date last seen Copy number Price effective from Koha item type
    Dewey Decimal Classification     Virtual Virtual Online 04/07/2011   ONLINE PUBLICATION 153258-1001 06/08/2019 1 06/08/2019 Book